Southville International School and Colleges
Your cart is empty.
  • Cart
  • Lists
    Public lists Eva Luna New books Lux_list list_1
    Your lists Log in to create your own lists
  • Log in to your account
  • Your cookies
  • Search history
Southville International School and Colleges
  • Advanced search
  • Recent comments
  • Most popular
  • Libraries

Log in to your account

Log in with GOOGLE


If you do not have an external account, but do have a local account, you can still log in:

  1. Home
  2. MARC view: Mom, mom my ears are growing : and other joys of the real world /
Normal view MARC view ISBD view

Mom, mom my ears are growing : and other joys of the real world / (Record no. 11718)

[ view plain ]
MARC details
000 -LEADER
fixed length control field 00599nam a22002057a 4500
003 - CONTROL NUMBER IDENTIFIER
control field PILC
005 - DATE AND TIME OF LATEST TRANSACTION
control field 20151027153419.0
008 - FIXED-LENGTH DATA ELEMENTS--GENERAL INFORMATION
fixed length control field 130919t xxu||||| |||| 00| 0 eng d
020 ## - INTERNATIONAL STANDARD BOOK NUMBER
International Standard Book Number 9780673800619
050 ## - LIBRARY OF CONGRESS CALL NUMBER
Classification number PE 1117
Item number .C392m 1993
082 ## - DEWEY DECIMAL CLASSIFICATION NUMBER
Classification number GS 372.4
Item number Cel.6A 1993
245 ## - TITLE STATEMENT
Title Mom, mom my ears are growing : and other joys of the real world /
260 ## - PUBLICATION, DISTRIBUTION, ETC. (IMPRINT)
Place of publication, distribution, etc Illinois :
Name of publisher, distributor, etc ScottForesman and Company,
Date of publication, distribution, etc 1993.
300 ## - PHYSICAL DESCRIPTION
Extent 144 p. :
Dimensions 22 cm.
440 ## - SERIES STATEMENT/ADDED ENTRY--TITLE
Title Celebrate reading!
9 (RLIN) 20980
650 ## - SUBJECT ADDED ENTRY--TOPICAL TERM
Topical term or geographic name as entry element Reading
9 (RLIN) 902
650 ## - SUBJECT ADDED ENTRY--TOPICAL TERM
Topical term or geographic name as entry element Childrens Stories
9 (RLIN) 5902
942 ## - ADDED ENTRY ELEMENTS (KOHA)
Source of classification or shelving scheme Library of Congress Classification
Koha item type Books
Holdings
Withdrawn status Lost status Source of classification or shelving scheme Damaged status Home library Current library Shelving location Date acquired Total Checkouts Full call number Barcode Date last seen Date checked out Copy number Price effective from Koha item type
    Library of Congress Classification   Luxembourg Library Luxembourg Library Grade School Section 09/19/2013 1 PE 1117 .C392m 1993 7595 07/14/2015 07/31/2014 1 09/19/2013 Books

Mom, mom my ears are growing : and other joys of the real world /

APA

(1993). Mom, mom my ears are growing : and other joys of the real world. Illinois: ScottForesman and Company.

Chicago

1993. Mom, mom my ears are growing : and other joys of the real world. Illinois: ScottForesman and Company.

Harvard

(1993). Mom, mom my ears are growing : and other joys of the real world. Illinois: ScottForesman and Company.

MLA

Mom, mom my ears are growing : and other joys of the real world. Illinois: ScottForesman and Company. 1993.

  • Place hold
  • Print
  • Cite
  • Add to your cart (remove)
  • Save record
    BIBTEX Dublin Core MARCXML MARC (non-Unicode/MARC-8) MARC (Unicode/UTF-8) MARC (Unicode/UTF-8, Standard) MODS (XML) RIS
  • More searches
    Search for this title in:
    Other Libraries (WorldCat) Other Databases (Google Scholar) Online Stores (Bookfinder.com) Open Library (openlibrary.org)

Exporting to Dublin Core...

SOUTHVILLE LIBRARY

Southville International School and Colleges Library

1281 Tropical Ave. Cor. Luxembourg St., BF Homes International, Las Pinas City

Tel. No. 8256374 / 252358 Loc. 117/146

Powered by Koha